000 01104nam a2200217 a 4500
001 22661
003 CO-ViMGA
008 141112s2004 ck r 000 u spa d
040 _aCO-ViMGA
_bspa
_cCO-ViMGA
082 0 4 _a345 F374j
100 1 _aFerri, Enrique
_932295
245 1 0 _aJusticia y ley penal
260 _aBogotá :
_bLeyer,
_c2005
300 _a181
505 _aLa justicia penal : la noticia de un delito, El delito en la conciencia publica, Grecia, los primeros progresos, derecho romano, dercho germanico, derecho canonico, estatutos municipales 9 - 37 - - La ciencia penal : La escuela clasica, La escuela positiva, los neoclasicos, las varias ramas de la ciencia penal, 41 - 96 - - La ley penal : Origen y funcion penal, imperio absolutod de la ley penal, las formas de la ley penal, prerrogativas personales, la extradicion 105 - 183
590 _aForma de adquisición : Compra - - Precio : 25000 - - Proveedor : Dismet - - Fecha de adquisición : 2008
650 1 4 _aDERECHO PENAL
650 1 4 _aDERECHO PENAL - LEGISLACION
_948353
650 1 4 _aJUSTICIA PENAL
942 _2ddc
_cBK
999 _c30961
_d30961